000 00763nam a2200277 i 4500
001 C2-0120027
003 PPAK
005 20180727112317.0
008 970812s1971 my |||| ||||| | eng d
020 _a0196381509
040 _aPPAK
_beng
_cPPAK
_erda
082 0 4 _a615.822
_223
090 0 0 _a615.822
_bGIM
_dG
100 1 _aGimlette, John D.,
_eauthor
245 1 0 _aMalay poisons and charm cures
264 1 _aKuala lumpur :
_bOxford University Press ,
_c1971
300 _a301 pages ;
_c22 cm
336 _2rdacontent
_atext
337 _2rdamedia
_aunmediated
338 _2rdacarrier
_avolume
490 1 _aOxford in Asia paperback
500 _aIncludes index
650 1 0 _aFolk medicine
830 0 _aOxford in Asia paperback
942 _ddc
_cB
999 _c33504
_d33504